5HLuxD.jpg

KING HENRY VIII SENIOR AND PRIMARY SCHOOL LIBRARY OPAC

The eagle of the Ninth / (Record no. 2768)

000 -LEADER
fixed length control field 01014nam a2200325 a 4500
001 - CONTROL NUMBER
control field 014533773
003 - CONTROL NUMBER IDENTIFIER
control field Uk
005 - DATE AND TIME OF LATEST TRANSACTION
control field 20230819152938.0
008 - FIXED-LENGTH DATA ELEMENTS--GENERAL INFORMATION
fixed length control field 080227r20082000enkab 000 1 eng
015 ## - NATIONAL BIBLIOGRAPHY NUMBER
National bibliography number GBB216602
Source bnb
016 7# - NATIONAL BIBLIOGRAPHIC AGENCY CONTROL NUMBER
Record control number 014533773
Source Uk
020 ## - INTERNATIONAL STANDARD BOOK NUMBER
International Standard Book Number 9780194791724 (pbk.)
040 ## - CATALOGING SOURCE
Original cataloging agency Uk
Language of cataloging eng
Transcribing agency Uk
Modifying agency KH8
042 ## - AUTHENTICATION CODE
Authentication code ukblsr
082 04 - DEWEY DECIMAL CLASSIFICATION NUMBER
Classification number 428.6 SUT
Edition number 23
100 1# - MAIN ENTRY--PERSONAL NAME
Personal name Sutcliff, Rosemary,
Relator term author.
245 14 - TITLE STATEMENT
Title The eagle of the Ninth /
Statement of responsibility, etc. Rosemary Sutcliff ; retold by John Escott ; [illustrated by Ron Tiner].
250 ## - EDITION STATEMENT
Edition statement [New ed.].
260 ## - PUBLICATION, DISTRIBUTION, ETC.
Place of publication, distribution, etc. Oxford :
Name of publisher, distributor, etc. Oxford University Press,
Date of publication, distribution, etc. c2008.
300 ## - PHYSICAL DESCRIPTION
Extent 88 p. :
Other physical details ill., 1 map ;
Dimensions 20 cm.
336 ## - CONTENT TYPE
Content type term text
Source rdacontent
337 ## - MEDIA TYPE
Media type term unmediated
Source rdamedia
338 ## - CARRIER TYPE
Carrier type term volume
Source rdacarrier
490 0# - SERIES STATEMENT
Series statement Oxford bookworms library. Thriller & adventure, Stage 4
500 ## - GENERAL NOTE
General note Originally published: 2000.
650 #0 - SUBJECT ADDED ENTRY--TOPICAL TERM
Topical term or geographic name entry element Readers (Secondary)
700 1# - ADDED ENTRY--PERSONAL NAME
Personal name Sutcliff, Rosemary.
Title of a work Eagle of the Ninth.
700 1# - ADDED ENTRY--PERSONAL NAME
Personal name Tiner, Ron.
942 ## - ADDED ENTRY ELEMENTS (KOHA)
Source of classification or shelving scheme
Koha item type Teaching Resources
Holdings
Withdrawn status Lost status Source of classification or shelving scheme Damaged status Not for loan Collection code Permanent Location Current Location Shelving location Date acquired Total Checkouts Full call number Barcode Date due Date last seen Date last checked out Price effective from Koha item type
          Teaching Resources KH8 Senior School Library KH8 Senior School Library Staff Office 2023-08-19 1 428.6 SUT TRKHSL002150 2025-07-04 2024-11-08 2024-11-08 2023-08-19 Teaching Resources

Powered By KH8 IT Dept